|
|
|
|
| LEADER |
01102nam a22002777a 4500 |
| 001 |
33252 |
| 003 |
BD-DhAAL |
| 008 |
180707r20102009enk b 001 0 eng d |
| 999 |
|
|
|c 39582
|d 39582
|
| 040 |
|
|
|a BD-DhAAL
|
| 082 |
|
|
|a 211
|2 22
|
| 100 |
|
|
|a Armstrong, Karen,
|d 1944-
|9 26615
|
| 245 |
|
|
|a The case for God :
|b what religion really means
|c Karen Armstrong
|
| 260 |
|
|
|a London :
|b Vintage Books,
|c c2010, c2009
|
| 300 |
|
|
|a 376 pages ;
|c 20 cm
|
| 504 |
|
|
|a Includes bibliographical references and index.
|
| 526 |
|
|
|a ARC
|
| 541 |
|
|
|e 33252
|
| 650 |
|
|
|a God
|x History of doctrines
|9 26616
|
| 650 |
|
|
|a Religion
|x History
|9 26617
|
| 650 |
|
|
|a Religion and sociology
|9 26618
|
| 650 |
|
|
|a Religion and science
|9 26619
|
| 650 |
|
|
|a Atheism
|9 26620
|
| 852 |
|
|
|a Department of Architecture
|c General Stacks
|
| 942 |
|
|
|2 ddc
|c BK
|
| 952 |
|
|
|0 0
|1 1
|2 ddc
|4 0
|6 211_000000000000000_ARM
|7 0
|9 63601
|a ARC
|b ARC
|c GEN
|d 2018-07-07
|l 0
|o 211 ARM
|p 3010033252
|r 2018-07-07
|t 1
|w 2018-07-07
|y BK
|x lost from the ARC department library and approved by the Dean (reasons personal books withdrawn by Hasibul Kabir Sir and Building shifting)
|